Quarrying special feature (Record no. 77309)

MARC details
000 -LEADER
fixed length control field 01474cab a2200241 4500
001 - CONTROL NUMBER
control field ##L133994
008 - FIXED-LENGTH DATA ELEMENTS--GENERAL INFORMATION
fixed length control field 060629n2006 000 0 eng u
035 ## - SYSTEM CONTROL NUMBER
System control number (Sirsi) u133994
041 0# - LANGUAGE CODE
Language code of text/sound track or separate title eng
100 1# - MAIN ENTRY--PERSONAL NAME
Personal name Thompson, Paul
245 00 - TITLE STATEMENT
Title Quarrying special feature
260 ## - PUBLICATION, DISTRIBUTION, ETC.
Date of publication, distribution, etc. 2006
490 #0 - SERIES STATEMENT
Series statement Construction News
Volume/sequential designation (6971) 15 June 2006, 27-45(15)
520 ## - SUMMARY, ETC.
Summary, etc. Covers the landmark case "British Aggregates Association v Commission of the European Communities", on which a verdict is soon to be delivered, on the legality of a tax on the extraction and use of certain aggregates in the UK, a tax bitterly contested since its introduction in April 2002. Reports on a conflict between the Peak District National Park Authority and the stone quarrying industry, the role of hauliers serving the aggregates sectors and how the Safe and Fuel Efficient Driving scheme can help to reduce road transport costs. Looks at marine aggregate extraction following the decision to allow sand and gravel dredging in the eastern English Channel, the restoration of worked-out quarries and the imminent publication of harmonised standards for asphalt production.
590 ## - LOCAL NOTE (RLIN)
Local note IKA040706
650 24 - SUBJECT ADDED ENTRY--TOPICAL TERM
Topical term or geographic name entry element BRITISH AGGREGATES ASSOCIATION V COMMISSION OF THE EUROPEAN COMMUNITIES
651 #4 - SUBJECT ADDED ENTRY--GEOGRAPHIC NAME
Geographic name United Kingdom
Chronological subdivision
690 ## - LOCAL SUBJECT ADDED ENTRY--TOPICAL TERM (OCLC, RLIN)
Topical term or geographic name as entry element ENVIRONMENTAL AND LAND CONSULTANCY-MINERAL RESOURCE MANAGEMENT
700 1# - ADDED ENTRY--PERSONAL NAME
Personal name Howard, Paul
700 1# - ADDED ENTRY--PERSONAL NAME
Personal name Shirley, Phil
700 1# - ADDED ENTRY--PERSONAL NAME
Personal name Gaved, Andrew
942 ## - ADDED ENTRY ELEMENTS (KOHA)
Suppress in OPAC 0
Holdings
Withdrawn status Lost status Source of classification or shelving scheme Damaged status Not for loan Home library Current library Shelving location Date acquired Total Checkouts Full call number Barcode Date last seen Copy number Price effective from Koha item type
    Dewey Decimal Classification     London London Journal article 29/06/2006   L133994 133994-1001 06/08/2019 1 06/08/2019 Journal article